Possible changes to the Use Classes Order; casinos (Record no. 104441)
[ view plain ]
| 000 -LEADER | |
|---|---|
| fixed length control field | 01617cam a2200217 4500 |
| 001 - CONTROL NUMBER | |
| control field | L130377 |
| 008 - FIXED-LENGTH DATA ELEMENTS--GENERAL INFORMATION | |
| fixed length control field | 050722n2005 000 0 eng u |
| 035 ## - SYSTEM CONTROL NUMBER | |
| System control number | (Sirsi) u130377 |
| 041 ## - LANGUAGE CODE | |
| Language code of text/sound track or separate title | eng |
| 110 ## - MAIN ENTRY--CORPORATE NAME | |
| Corporate name or jurisdiction name as entry element | Office of the Deputy Prime Minister |
| 9 (RLIN) | 4685 |
| 245 ## - TITLE STATEMENT | |
| Title | Possible changes to the Use Classes Order; casinos |
| 260 ## - PUBLICATION, DISTRIBUTION, ETC. | |
| Place of publication, distribution, etc. | Office of the Deputy Prime Minister |
| Date of publication, distribution, etc. | 2005 |
| 300 ## - PHYSICAL DESCRIPTION | |
| Extent | 28p |
| 520 ## - SUMMARY, ETC. | |
| Summary, etc. | This consultation seeks views on the classification of casinos within the Town and Country Planning (Classes) Order 1987 and particularly on the government's preferred option of making casinos sui generis with permitted development rights to revert to D2 use. Casinos are currently classified as a D2 leisure use, which means that a D2 use could convert to casino use without the need for planning permission. Given the proposed changes to casino licensing and new casino types and sizes that will be allowed under the Gambling Act 2005, government is considering whether a classification such as above remains the most appropriate. Responses to the consultation should be submitted to arrive before 21 October 1995 and a summary of the responses will be published on the DCLG website by 21 January 2006. |
| 590 ## - LOCAL NOTE (RLIN) | |
| Local note | IKA020805 |
| 650 ## - SUBJECT ADDED ENTRY--TOPICAL TERM | |
| Topical term or geographic name entry element | GAMBLING ACT 2005 |
| 650 ## - SUBJECT ADDED ENTRY--TOPICAL TERM | |
| Topical term or geographic name entry element | TOWN AND COUNTRY PLANNING (USE CLASSES) ORDER 1987 |
| 690 ## - LOCAL SUBJECT ADDED ENTRY--TOPICAL TERM (OCLC, RLIN) | |
| Topical term or geographic name as entry element | ENVIRONMENTAL AND LAND CONSULTANCY-PLANNING AND DEVELOPMENT-USE REQUIREMENTS |
| 856 ## - ELECTRONIC LOCATION AND ACCESS | |
| Uniform Resource Identifier | <a href="https://www.communities.gov.uk/archived/publications/planningandbuilding/possiblechanges2">https://www.communities.gov.uk/archived/publications/planningandbuilding/possiblechanges2</a> |
| Public note | View the consultation free of charge at www.communities.gov.uk... |
| 942 ## - ADDED ENTRY ELEMENTS (KOHA) | |
| Suppress in OPAC | 0 |
| Withdrawn status | Lost status | Source of classification or shelving scheme | Damaged status | Not for loan | Home library | Current library | Shelving location | Date acquired | Total Checkouts | Full call number | Barcode | Date last seen | Copy number | Price effective from | Koha item type |
|---|---|---|---|---|---|---|---|---|---|---|---|---|---|---|---|
| Dewey Decimal Classification | Virtual | Virtual | Online | 22/07/2005 | L130337 | 130377-1001 | 06/08/2019 | 1 | 06/08/2019 | Book |